Neobyčajné deti slečny Peregrinovej. Tretia kniha, Knižnica duší /

Opět ožívají mrazivé příběhy z tajemného sirotčince, jehož podivní obyvatelé stále ještě existují.

Hlavní autor: Riggs, Ransom, 1979-
Další autoři: Fedorová, Martina
Jazyk: Slovenština
Vydáno: V Prahe : Plus, 2016
Vydání: 1. slovenské vydanie
Témata:
Fyzický popis: 450 stran : ilustrace ; 22 cm
Knihy
Uloženo v:
LEADER 02083nam a2200493 i 4500
001 nkc20193084301
003 CZ PrNK
005 20200512143239.0
007 ta
008 190304s2016 xr a g 000 f slo
015 |a cnb003084301 
020 |a 978-80-259-0741-2  |q (soubor ;  |q krabice) 
020 |a 978-80-259-0589-0  |q (vázáno) 
035 |a (OCoLC)1200248819 
040 |a ABG001  |b cze  |d OLA001  |e rda 
041 1 |a slo  |h eng 
072 7 |a 821.111(73)-3  |x Americká próza  |2 Konspekt  |9 25 
080 |a 821.111(73)-31  |2 MRF 
080 |a (0:82-312.9)  |2 MRF 
100 1 |a Riggs, Ransom,  |d 1979-  |7 xx0154924  |4 aut 
240 1 0 |a Library of souls.  |l Slovensky 
245 1 0 |a Neobyčajné deti slečny Peregrinovej.  |n Tretia kniha,  |p Knižnica duší /  |c Ransom Riggs ; z anglického originálu Library of souls: the third novel of Miss Peregrine's home for peculiar children ... preložila Martina Fedorová 
246 3 0 |a Knižnica duší 
250 |a 1. slovenské vydanie 
264 1 |a V Prahe :  |b Plus,  |c 2016 
300 |a 450 stran :  |b ilustrace ;  |c 22 cm 
336 |a text  |b txt  |2 rdacontent 
337 |a bez média  |b n  |2 rdamedia 
338 |a svazek  |b nc  |2 rdacarrier 
500 |a Část nákladu distribuována v roce 2018? ve společném kartonovém pouzdru spolu s 1. a 2. dílem (Domov pre neobyčajné deti slečny Peregrinovej; Bezduché mesto) ; ISBN souboru pouze na krabici 
520 2 |a Opět ožívají mrazivé příběhy z tajemného sirotčince, jehož podivní obyvatelé stále ještě existují. 
655 7 |a americké romány  |7 fd131796  |2 czenas 
655 7 |a fantasy romány  |7 fd184199  |2 czenas 
655 9 |a American fiction  |2 eczenas 
655 9 |a fantasy novels  |2 eczenas 
700 1 |a Fedorová, Martina  |4 trl 
787 0 8 |i Z cyklu:  |t Neobyčajné deti slečny Peregrinovej  |g 3 
910 2 |a BOA001  |b 2-1431.464,3 
920 |a 4465481  |z ABG001 
928 9 |a Albatros Media - Plus 
990 |a BK 
995 |a 01 
991 |b 201909  |c NOV 
996 6 |b 2610789329  |c 2-1431.464,3  |l MZK  |r Sklad / do 1 hodiny  |n 0  |p p.v.  |w 001736248  |u 000010  |a 1  |e BOA001  |j MZK50  |s P